Normal view
MARC view
Entry Topical Term
001 - CONTROL NUMBER
- control field: 25273
003 - CONTROL NUMBER IDENTIFIER
- control field: OSt
005 - DATE AND TIME OF LATEST TRANSACTION
- control field: 20230606095608.0
008 - FIXED-LENGTH DATA ELEMENTS
- fixed length control field: 230606|| aca||aabn | a|a d
040 ## - CATALOGING SOURCE
- Original cataloging agency: OSt
- Transcribing agency: OSt
150 ## - HEADING--TOPICAL TERM
- Topical term or geographic name entry element: ၵၢၼ်ၼင်ႈတြႃး - ဝိပသ်သၼႃႇ
670 ## - SOURCE DATA FOUND
- Source citation: Work cat.: (OSt): သူၺ်ႇၵျွင်း မူၸ်ေ၊ မၼ်းတလ်ေး၊ လုင်း။ 25272, တြႃးရုပ်ၼၢမ်ႇ /, 1979 ။